书目信息 |
| 题名: |
亚马逊跨境电商运营实操大全
|
|
| 作者: | 张国文 编著 | |
| 分册: | ||
| 出版信息: | 北京 化学工业出版社 2022 |
|
| 页数: | 230页 | |
| 开本: | 24cm | |
| 丛书名: | ||
| 单 册: | ||
| 中图分类: | F737.124.6 , F737.12 | |
| 科图分类: | ||
| 主题词: | 电子商务--商业企业管理--经验--美国 | |
| 电子资源: | ||
| ISBN: | 978-7-122-40386-5 | |
| 000 | 01098nam0 2200229 450 | |
| 001 | 2235128098 | |
| 005 | 20221008094558.58 | |
| 010 | @a978-7-122-40386-5@dCNY78.00 | |
| 100 | @a20220316d2022 em y0chiy50 ea | |
| 101 | 0 | @achi |
| 102 | @aCN@b110000 | |
| 105 | @aa z 000yy | |
| 200 | 1 | @a亚马逊跨境电商运营实操大全@9ya ma xun kua jing dian shang yun ying shi cao da quan@f张国文编著 |
| 210 | @a北京@c化学工业出版社@d2022 | |
| 215 | @a230页@c彩图@d24cm | |
| 330 | @a本书从内容的全面性和干货性出发,对全书进行布局,让读者能够在短时间内快速掌握亚马逊跨境电商运营的核心操作技巧。全面性:10章专题内容,从账户注册、后台操作、账户管理、商品管理、课程学习、图片制作、文案编写、广告投放、推广引流和爆款打造等角度,全面讲解亚马逊跨境电商运营实操的相关知识。干货性:90多个实操技巧,提炼账户注册、后台操作、账户管理和商品管理等操作干货进行重点说明,帮助运营新手在短时间内掌握核心技巧,快速入门。 | |
| 606 | 0 | @a电子商务@x商业企业管理@x经验@y美国 |
| 690 | @aF737.124.6@v5 | |
| 690 | @aF737.12@v4 | |
| 701 | 0 | @a张国文@9zhang guo wen@4编著 |
| 801 | 0 | @aCN@b91MARC@c20220425 |
| 905 | @aZUCC@dF737.12@e7 | |
| 亚马逊跨境电商运营实操大全/张国文编著.-北京:化学工业出版社,2022 |
| 230页:彩图;24cm |
| ISBN 978-7-122-40386-5:CNY78.00 |
| 本书从内容的全面性和干货性出发,对全书进行布局,让读者能够在短时间内快速掌握亚马逊跨境电商运营的核心操作技巧。全面性:10章专题内容,从账户注册、后台操作、账户管理、商品管理、课程学习、图片制作、文案编写、广告投放、推广引流和爆款打造等角度,全面讲解亚马逊跨境电商运营实操的相关知识。干货性:90多个实操技巧,提炼账户注册、后台操作、账户管理和商品管理等操作干货进行重点说明,帮助运营新手在短时间内掌握核心技巧,快速入门。 |
| ● |
| 相关链接 |
|
|
|
正题名:亚马逊跨境电商运营实操大全
索取号:F737.12/7
 
预约/预借
| 序号 | 登录号 | 条形码 | 馆藏地/架位号 | 状态 | 备注 |
| 1 | 2000912479 | 2000912479 | 第三书库/ [索取号:F737.12/7] | 在馆 | |
| 2 | 2000912480 | 2000912480 | 第三书库/ [索取号:F737.12/7] | 在馆 | |
| 3 | 2000912481 | 2000912481 | 第三书库/ [索取号:F737.12/7] | 在馆 |